Manifestaciones del presidente de la Diputación a la prensa local
Colección:
San Jorge,
; núm. 9 (gener 1953), pàg 79
Idioma:
Español
MARC
| LEADER | 00000naa a2200000 a 4500 | ||
|---|---|---|---|
| 003 | Arxiu | ||
| 005 | 20260324181040.0 | ||
| 008 | 160829s1953 spa xx s spa c | ||
| 040 | |a agdb | ||
| 245 | 0 | 0 | |a Manifestaciones del presidente de la Diputación a la prensa local |
| 490 | |a San Jorge, |v núm. 9 (gener 1953), pàg 79 | ||
| 600 | 1 | 0 | |a Buxó de Abaigar, Joaquín, |c marqués de Castell-Florite, |d 1905-1979 |9 54201 |
| 773 | |g Núm. 9 (gener 1953), pàg 79 |t San Jorge. | ||
| 901 | |a Arxiu | ||
| 942 | |n 1 |2 udc |c ART | ||
| 952 | |0 0 |1 0 |4 0 |6 REV508 |7 1 |9 64339 |a Arxiu |b Arxiu |d 2022-11-23 |o Rev-508 |r 2022-11-23 00:00:00 |w 2022-11-23 |y ARXIU |z També disponible a Rev-522 | ||
| 999 | |c 48929 |d 48929 | ||